Normal view
MARC view
Entry Geographic Name
001 - CONTROL NUMBER
- control field: 9225
003 - CONTROL NUMBER IDENTIFIER
- control field: BD-RjUL
005 - DATE AND TIME OF LATEST TRANSACTION
- control field: 20230926114821.0
008 - FIXED-LENGTH DATA ELEMENTS
- fixed length control field: 230926|| aca||aabn | a|a d
040 ## - CATALOGING SOURCE
- Original cataloging agency: BD-RjUL
- Transcribing agency: BD-RjUL
151 ## - HEADING--GEOGRAPHIC NAME
- Geographic name: Bangladesh
- General subdivision: Foreign relations
- Geographic subdivision: India
670 ## - SOURCE DATA FOUND
- Source citation: Work cat.: (BD-RjUL)81998: Islam Shariful, Md. (Professor of international relations), author. 9224, Fifty years of Bangladesh-India relations :